[Event "Girona op-B 4th"]
[Site "Girona"]
[Date "2013.07.22"]
[Round "8"]
[White "Blasco Vidal, Joan"]
[Black "Mallol Descarrega, Jordi"]
[Result "0-1"]
[WhiteElo "1697"]
[BlackElo "1521"]
[PlyCount "94"]
[EventDate "2013.07.15"]
[EventType "swiss"]
[EventRounds "9"]
[EventCountry "ESP"]
[SourceTitle "EXT 2015"]
[Source "ChessBase"]
[SourceDate "2014.11.20"]
[SourceVersion "1"]
[SourceVersionDate "2014.11.20"]
[SourceQuality "1"]

1. d4 d5 2. Nf3 Nf6 3. c4 e6 4. Nc3 Be7 5. Bf4 0-0 6. e3 b6 7. Bd3 Bb7 8. Qc2 Nc6 9. a3 Ba6 10. Qa4 Na5 11. Nb5 Bd6 12. b4 dxc4 13. Bxc4 Nxc4 14. Qxa6 Bxf4 15. exf4 Qd7 16. Nc3 Nd6 17. Ne5 Qe8 18. Qd3 Nd5 19. Ne2 a5 20. 0-0 axb4 21. axb4 Rxa1 22. Rxa1 Nxb4 23. Qh3 Nc2 24. Rc1 Qa4 25. Qc3 Nb4 26. Qxc7 Nf5 27. Nxf7 Nd5 28. Qb7 Nxd4 29. Nxd4 Qxd4 30. Ne5 Qxf4 31. Nd3 Qd4 32. Qd7 Qxd3 33. Qxe6+ Kh8 34. h3 Qd2 35. Rc8 Qxf2+ 36. Kh2 Qf4+ 37. Kg1 Ne7 38. Rxf8+ Qxf8 39. Qxb6 h6 40. Qb1 Nf5 41. Qb2 Qc5+ 42. Kh2 Nd4 43. Qa1 Qe5+ 44. Kh1 Qe4 45. Qa4 Ne2 46. Qa1 Nf4 47. Qa2 Nxh3 0-1

[Event "Girona Province-chA"]
[Site "Figueres"]
[Date "2009.11.01"]
[Round "5"]
[White "Cros Figueras, Eugeni"]
[Black "Blasco Vidal, Joan"]
[Result "1-0"]
[WhiteElo "1878"]
[BlackElo "1719"]
[PlyCount "53"]
[EventDate "2009.10.04"]
[EventType "swiss"]
[EventRounds "8"]
[EventCountry "ESP"]
[SourceTitle "EXT 2019"]
[Source "ChessBase"]
[SourceDate "2018.10.10"]
[SourceVersion "1"]
[SourceVersionDate "2018.10.10"]
[SourceQuality "1"]

1. e4 e5 2. Nf3 Nc6 3. Bc4 Bc5 4. c3 Nf6 5. d4 exd4 6. cxd4 Bb4+ 7. Nc3 d5 8. exd5 Bxc3+ 9. bxc3 Nxd5 10. 0-0 0-0 11. Qc2 h6 12. Re1 Be6 13. Bd3 Nb6 14. Bf4 Nc4 15. Qc1 Qf6 16. Rb1 N6a5 17. Bxc7 b6 18. a3 Rac8 19. Be5 Qe7 20. d5 Qd7 21. Bxc4 Nxc4 22. dxe6 fxe6 23. Bd4 Qd6 24. a4 Rf4 25. Be5 Nxe5 26. Nxe5 Rcf8 27. Ng6 1-0